Mad Men Episode Titles - Statistics

General Stats
  • This quiz has been taken 179 times
  • The average score is 30 of 92
Answer Stats
Hint Answer % Correct
4x07 The Suitcase
86%
1x01 Smoke Gets in Your Eyes
76%
1x12 Nixon vs. Kennedy
63%
7x14 Person to Person
63%
3x13 Shut the Door. Have a Seat.
61%
1x13 The Wheel
55%
1x05 5G
49%
1x06 Babylon
49%
3x11 The Gypsy and the Hobo
49%
1x11 Indian Summer
47%
1x03 Marriage of Figaro
47%
5x05 Signal 30
47%
1x08 The Hobo Code
47%
2x11 The Jet Set
47%
7x07 Waterloo
45%
1x02 Ladies Room
43%
4x08 The Summer Man
43%
4x13 Tomorrowland
43%
1x04 New Amsterdam
41%
4x09 The Beautiful Girls
41%
5x10 Christmas Waltz
39%
1x10 Long Weekend
39%
5x03 Tea Leaves
39%
6x08 The Crash
39%
5x01 A Little Kiss
37%
5x02 A Little Kiss
37%
6x13 In Care Of
37%
2x06 Maidenform
37%
1x07 Red in the Face
37%
2x05 The New Girl
37%
5x12 Commissions and Fees
35%
5x06 Far Away Places
35%
3x06 Guy Walks Into an Advertising Agency
35%
1x09 Shoot
35%
7x13 The Milk and Honey Route
35%
2x12 The Mountain King
35%
5x11 The Other Woman
35%
4x05 The Chrysanthemum and the Sword
33%
6x05 The Flood
33%
4x11 Chinese Wall
31%
4x02 Christmas Comes But Once a Year
31%
2x01 For Those Who Think Young
31%
5x08 Lady Lazarus
31%
3x03 My Old Kentucky Home
31%
3x05 The Fog
31%
4x03 The Good News
31%
3x12 The Grown-Ups
31%
5x13 The Phantom
31%
2x04 Three Sundays
31%
4x12 Blowing Smoke
29%
2x02 Flight 1
29%
3x01 Out of Town
29%
4x01 Public Relations
29%
3x10 The Color Blue
29%
6x01 The Doorway
29%
6x02 The Doorway
29%
2x07 The Gold VIolin
29%
4x06 Waldorf Stories
29%
4x10 Hands and Knees
27%
3x08 Souvenir
27%
2x10 The Inheritance
27%
7x12 Lost Horizon
24%
5x04 Mystery Date
24%
2x09 Six Month Leave
24%
7x04 The Monolith
24%
7x11 Time & Life
24%
7x01 Time Zones
24%
2x08 A Night to Remember
22%
5x07 At the Codfish Ball
22%
5x09 Dark Shadows
22%
6x11 Favors
22%
3x07 Seven Twenty Three
22%
7x08 Severance
22%
3x09 Wee Small Hours
22%
6x10 A Tale of Two Cities
20%
3x02 Love Among the Ruins
20%
6x12 The Quality of Mercy
20%
4x04 The Rejected
20%
7x05 The Runaways
20%
7x03 Field Trip
18%
6x06 For Immediate Release
18%
2x03 The Benefactor
18%
7x06 The Strategy
18%
2x13 Mediations in an Emergency
16%
7x09 New Business
16%
3x04 The Arrangements
16%
6x07 Man with a Plan
12%
7x02 A Day's Work
10%
7x10 The Forecast
10%
6x09 The Better Half
8%
6x04 To Have and Hold
8%
6x03 Callaborators
6%
No matching quizzes found
Score Distribution
Percent of People with Each Score
Percentile by Number Answered
Your Score History
You have not taken this quiz